An introduction to the Fire Precautions (Workplace) Regulations (Record no. 101922)

MARC details
000 -LEADER
fixed length control field 00315cam a2200109 4500
008 - FIXED-LENGTH DATA ELEMENTS--GENERAL INFORMATION
fixed length control field 020301n2001 000 0 eng u
035 ## - SYSTEM CONTROL NUMBER
System control number (Sirsi) u116930
110 ## - MAIN ENTRY--CORPORATE NAME
Corporate name or jurisdiction name as entry element Fire Protection Association
9 (RLIN) 231
245 #3 - TITLE STATEMENT
Title An introduction to the Fire Precautions (Workplace) Regulations
260 ## - PUBLICATION, DISTRIBUTION, ETC.
Name of publisher, distributor, etc. FPA
Date of publication, distribution, etc. 2001
942 ## - ADDED ENTRY ELEMENTS (KOHA)
Suppress in OPAC 0

No items available.